000 00883nam a2200229 i 4500
001 54996
003 ES-MaACL
005 20230906163049.0
007 t|
008 030910s1920 sp ||||1| spa d
100 1 _aDeleito y Piñuela, José,
_d1879-1957
_943365
245 1 0 _aLecturas americanas /
_cJosé Deleito y Piñuela.
260 _aMadrid :
_b[s.n.],
_c1920 (
_fJuan Pueyo)
300 _a238 p. ;
_c19 cm.
505 8 _aContiene: I: Literatura de Hispano-América. II: América vista por los españoles. III: La emancipación de América vista por los coetáneos. IV: Diversos libros americanos
740 0 _aLiteratura de Hispano-América.
740 0 _aAmérica vista por los españoles.
740 3 _aLa emancipación de América vista por los coetáneos.
740 0 _aDiversos libros americanos.
852 _aES-MaACL
_jF-8257
999 _c54996
_d54996